000 00336pab a2200133 454500
008 180718b1998 xxu||||| |||| 00| 0 eng d
100 _aChakraborty, P.
245 _aCancer of corruption and the numbing millennium
260 _c1998
300 _ap.64-72.
650 _aCorruption
773 _aAdministrative Review
909 _a51859
999 _c51859
_d51859